Online Catalogue and eLibrary

International conference on women's history (Record no. 1832)

MARC details
000 -LEADER
fixed length control field 00238nam a2200097Ia 4500
008 - FIXED-LENGTH DATA ELEMENTS--GENERAL INFORMATION
fixed length control field 240331s9999 xx 000 0 und d
082 ## - DDC Classification
Item Number - Author Mark INT
100 ## - MAIN ENTRY--PERSONAL NAME
Personal name De Bruijn , L. ed
245 #0 - TITLE STATEMENT
Title International conference on women's history
942 ## - Koha item type (Biblio)
Koha item type Books in Stacks (Lending)
Holdings
Lost status Damaged status Collection code Home library Current library Shelving location Date acquired Full call number Accession Number Item type
    Lending WERC Library WERC Library Social Science Cupboard 03/31/2024 305.4 INT 595 Books in Stacks (Lending)

© WERC Library